Arizona Diamondbacks All-Time Team - Statistics

General Stats
  • This quiz has been taken 39 times
    32 since last reset
  • The average score is 5 of 10
Answer Stats
Nickname Player % Correct
First Base Paul Goldschmidt
85%
Starting Pitcher Randy Johnson
81%
Left Field Luis Gonzalez
74%
Second Base Ketel Marte
70%
Catcher Miguel Montero
70%
Third Base Matt Williams
44%
Right Field Justin Upton
33%
Center Field Corbin Carroll
26%
Relief Pitcher Jose Valverde
4%
Shortstop Stephen Drew
4%
No matching quizzes found
Score Distribution
Percent of People with Each Score
Percentile by Number Answered
Your Score History
You have not taken this quiz since the last reset